000 00425nam a2200181Ia 4500
008 210210b1903 xxu||||| |||| 00| 0 eng d
041 _aeng
082 _a543/148
100 _aNEWTH (G S)
245 _aTextbook of inorganic chemistry
260 _aLondon
_bLongman Green & Co.
_c1903
300 _a723
650 _aTextbook
650 _ainorganic
650 _achemistry
690 _aChemistry
906 _a009556
999 _c127086
_d127086